000
00302nam a22001337a 4500
999
_c
58018
_d
58015
020
_a
978-9332541597
082
_a
515.9ROO
100
_a
Roop Kumar
245
_a
Complex Analysis
260
_a
New Delhi:
_b
Pearson Education,
_c
2015.
300
_a
461p. ;
650
_a
Complex Analysis
942
_c
BK